000 00565nam a2200229Ia 4500
003 OSt
005 20250925111316.0
008 210210b2007 xxu||||| |||| 00| 0 eng d
020 _a8174730907
040 _cAL
041 _aEnglish
082 _a150 FERI
100 _aDodge L Fernald
_977018
245 _aIntroduction to Psychology Ed 5
250 _a5
260 _aDelhi
_bAITBS Publishers & Distributors
_c2007
300 _axxviii,643p
690 _aPsychology
_977019
700 _aFernald, Peter S
_977020
906 _a066247
942 _2ddc
_cBK
999 _c147643
_d147643